000
00210nam a2200097 4500
999
_c
531946
_d
531946
040
_c
DLC
082
_a
910.4
_b
TAR
100
_a
Tarar, Mustansar Hussain
_9
3135
245
_a
Andlas main Ajnabi
942
_2
ddc
_c
BK